000 01270cam a2200349 a 4500
001 4474236
003 NUST-PNEC
005 20170116180740.0
008 970207s1997 inua 001 0 eng
010 _a 96071493
020 _a0672310279
020 _a8176350052
040 _aDLC
_cPNEC
050 0 0 _aQA76.9.D3
_bB823 1997
082 0 0 _a005.7565 BUC
_221
100 1 _aBuchanan, Timothy.
245 0 0 _aTeach yourself Access 97 in 24 hours /
_cTimothy Buchanan, Craig Eddy, Rob Newman.
246 3 _aTeach yourself Access 97 in twenty-four hours
246 3 _aAccess 97 in 24 hours
250 _a1st ed.
260 _aIndianapolis, IN : New Delhi
_bSams Pub./ Tecmedia,
_cc1998.
300 _axx, 353 p. :
_bill. ;
_c23 cm.
500 _aIncludes index.
630 0 0 _aMicrosoft Access.
650 0 _aDatabase management.
_xComputer, MIS
700 1 _aEddy, Craig.
700 1 _aNewman, Rob.
856 _uhttp://www.amazon.com/Sams-Teach-Yourself-Access-Hours/dp/0672310279/ref=sr_1_2?s=books&ie=UTF8&qid=1418327368&sr=1-2&keywords=TEACH+YOURSELF+ACCESS+97
906 _a7
_bcbc
_corignew
_d2
_eopcn
_f19
_gy-gencatlg
942 _2ddc
_cBK
999 _c62147
_d62147